000 nam a22 a 4500
999 _c383312
_d383312
003 BLK
005 20200819132729.0
008 180411b bul|||||r ||||||| ||bul||
010 _aKNG00177362000
020 _a9789540748658
040 _aBLK
041 _aBUL
_cBUL
080 _aМетоди и процедури на обучение. Форми на преподаване и обучение
_b37.091.3
_x:792
_z37.091.3:792
100 _aКулева, Ася Иванова
_eпърви автор
_9331657
139 _aКулева, Ася Иванова
_bК 93
245 1 0 _aКакво би станало, ако ...
_cАся Кулева.
_bДрама-педагогика и театрална педагогика
257 _aBGR
260 _bУнив. изд. Св. Климент Охридски
_c2020
_aСофия
300 _a399 с.
_bс ил.
_c21 см
380 _a3
500 _aБиогр. данни за авт. отбелязани на гърба на кор.; Текст и на нем. ез.
504 _aс. 375-393
650 0 _aПедагогика, театрална
_9428853
653 0 _aдрама-педагогика
_9428854
653 0 _aтеатрална педагогика
_9428855
659 _aН
856 4 _qpdf
856 4 _qpdf
942 _cKNG
_n0
_01
_s1
944 _aCR
_c29.06.2015
_kТД
944 _aED
_c30.05.2016
_kПенка_Димитрова
999 _d383312
999 _d383312
999 _d169355